| 000 | 01004nam a2200265 i 4500 | ||
|---|---|---|---|
| 001 | 185600 | ||
| 003 | ES-MaACL | ||
| 005 | 20250801145725.0 | ||
| 008 | 160726s1998 fr ac |||| | fre d | ||
| 020 | _a2-904388-49-4 | ||
| 080 | _a82.015 Surrealismo:396 | ||
| 245 | 0 | 3 |
_aLa femme s'entête _b: la part du féminin dans le surréalisme : [Colloque de Cerisy-la-Salle, août 1997] / _ctextes réunis par Georgiana M.M. Colvile et Katharine Conley. |
| 260 |
_a[Paris] : _bLachenal & Ritter, _c1998. |
||
| 300 |
_a401 p. : _bil., retr. ; _c21 cm. |
||
| 490 | 1 | _aPleine marge | |
| 504 | _aBibliografía: p. [393]-401. | ||
| 650 | 4 |
_aSurrealismo (Arte) _917267 |
|
| 650 | 7 |
_aSurrealismo (Literatura) _2embne _917269 |
|
| 650 | 7 |
_aMujeres y literatura _2embne _9143612 |
|
| 700 | 1 |
_aColvile, Georgiana M. M. _9160199 |
|
| 700 | 1 |
_aConley, Katharine. _9160200 |
|
| 830 | 0 |
_aPleine marge _9225250 |
|
| 852 |
_aES-MaACL _jL-30474 _z. - Donat. Carmen Zumárraga |
||
| 999 |
_c185600 _d185600 |
||